Pays les plus peuplés n'ayant jamais participé à la Coupe du Monde - Statistiques

Statistiques générales
  • Ce quiz a été pris 94 fois
  • Le résultat moyen est 9 sur 15
Statistiques - réponses
Population Réponse % Correct
1 438 M Inde
100%
247 M Pakistan
92%
171 M Bangladesh
81%
100 M Vietnam
75%
128 M Ethiopie
68%
114 M Philippines
68%
71 M Thailande
65%
54 M Birmanie
58%
41 M Afghanistan
55%
55 M Kenya
52%
50 M Soudan
52%
66 M Tanzanie
48%
35 M Ouzbekistan
37%
48 M Ouganda
33%
39 M Yemen
25%
Aucun quiz correspondant
Distribution des résultats
% des personnes avec chaque résultat
Percentile par nombre de réponses
Votre historique - résultats
Vous n’avez pas pris ce quiz